| 000 | 00565nam a2200217 i 4500 | ||
|---|---|---|---|
| 001 | bgj | ||
| 100 | 1 |
_aKIPLING, Rudyard _d(1865-1936). |
|
| 245 | 1 | 0 |
_aKim / _cRudyard Kipling. |
| 260 |
_aMiddlesex, England [etc.] : _bPuffin, _cc. 1987. |
||
| 300 |
_a383 pp ; _c19 cm. |
||
| 490 | 1 | _aPuffin Classics | |
| 650 | 9 |
_aEnglish fiction _y1837-1900 |
|
| 655 | _aChildren's stories | ||
| 830 | _aPuffin Classics | ||
| 020 | _a0140350764 | ||
| 040 | _cBPK | ||
| 041 | 0 | _aeng | |
| 920 | _a0-14-035076-4 | ||
| 942 | _cKS | ||
| 008 | s uk f |000 0 eng | ||
| 999 |
_c47590 _d47590 |
||